Respuesta Apologética contra los que pretenden aver sido N.P.S.Francisco frayle de los Ermitaños de San Agustín, ...

Detalles Bibliográficos
Autor principal: SAN FRANCISCO VADINGO, Lucas (Fray)
Formato: Libro
Publicado: Madrid 1625
Materias:
Colección:Banco de datos
Acervo:Biblioteca Nacional de Antropología e Historia. Fondo Conventual
Tema general:Apologética
Notas:Regular. XVII.2. En el colofón dice: Por doña Teresa Junti, Impresora. Las guardas son páginas de un texto desconocido en letra gótica y en latín.
LEADER 00881nam a22001930004500
035 |a 2853 
036 |a 327 
100 1 |a SAN FRANCISCO VADINGO, Lucas (Fray). 
245 1 0 |a Respuesta Apologética contra los que pretenden aver sido N.P.S.Francisco frayle de los Ermitaños de San Agustín, ...  |c tr. Pedro Navarro 
260 |a Madrid  |b Imprenta Real  |c 1625 
500 |a Regular. XVII.2. En el colofón dice: Por doña Teresa Junti, Impresora. Las guardas son páginas de un texto desconocido en letra gótica y en latín. 
650 1 0 |a Apologética 
949 |a B.N.A.H. 
959 |a Biblioteca Nacional de Antropología e Historia. Ciudad de México  |b CCC1 
960 |a Convento Grande de San Francisco de la ciudad de México  |b DD32 
961 |a Franciscana  |b OF 
942 |c B.N.A.H. 
943 |g Biblioteca Nacional de Antropología e Historia. Fondo Conventual 
999 |c 1027385  |d 1027385